Procés-verbaux et résolutions. (Record no. 46116)

MARC details
000 -LEADER
campo de control de longitud fija 00600nam a2200181 i 4500
001 - NÚMERO DE CONTROL
campo de control 46116
003 - IDENTIFICADOR DE NÚMERO DE CONTROL
campo de control ES-MaACL
005 - FECHA Y HORA DE LA ÚLTIMA TRANSACCIÓN
campo de control 20250828084002.0
007 - CAMPO FIJO DE DESCRIPCIÓN FÍSICA--INFORMACIÓN GENERAL
campo de control de longitud fija t|
008 - DATOS DE LONGITUD FIJA--INFORMACIÓN GENERAL
campo de control de longitud fija 030328s1937 sz ||||1| fre d
111 2# - ENTRADA PRINCIPAL--NOMBRE DE CONGRESO/REUNIÓN
Nombre de congreso/reunión o jurisdicción como elemento de entrada Conférence Internationale de l'Instruction Publique (
Número del congreso/reunión o número de parte o sección 6ª.
Fecha del congreso o de la firma del tratado 1937.
Sede del congreso/Lugar de la reunión Genève)
9 (RLIN) 173
245 10 - MENCIÓN DEL TÍTULO
Título Procés-verbaux et résolutions.
260 ## - PUBLICACIÓN, DISTRIBUCIÓN, ETC.
Lugar de publicación, distribución, etc. Genève :
Nombre del editor, distribuidor, etc. Bureau International d'Education,
Fecha de publicación, distribución, etc. 1937 (
Lugar de fabricación/manufactura Lyon :
Fabricante Bosc et Riou)
300 ## - DESCRIPCIÓN FÍSICA
Extensión 128 p. ;
Dimensiones 24 cm.
710 20 - ENTRADA AGREGADA--NOMBRE DE ENTIDAD CORPORATIVA
Nombre de entidad corporativa o nombre de jurisdicción como elemento de entrada Oficina Internacional de Educación
9 (RLIN) 6022
852 ## - LOCALIZACIÓN
Ubicación ES-MaACL
Número de control de estantería A-5181
Sublocalización o colección R.18062
Holdings
Estatus retirado Estado de pérdida Estado de daño No para préstamo Biblioteca de origen Biblioteca actual Ubicación en estantería Fecha de adquisición Fuente de adquisición Total de préstamos Signatura topográfica completa Código de barras Visto por última vez Precio de reemplazo Tipo de ítem Koha
        Biblioteca del Ateneo de Madrid Biblioteca del Ateneo de Madrid Sala Pecera Planta 1 17/01/2008     A-5181 1048512 23/02/2023 23/02/2023 Libro impreso